000 01003nam a2200277 4500
005 20240530110834.0
008 190915s2008 ua f bb 000 0aara d
017 _a2008/3569
_bمصر. دار الكتب
020 _a9773514072
040 _aEG-CaGPL
_cEG-CaGPL
082 0 4 _221
_a214.32
_bق/ ن خ
100 0 _aنبيل عبدالفتاح
245 1 2 _aالخوف والمتاهة :
_bالاسلام والديمقراطية والعولمة (الحالة المصرية) /
_cنبيل عبدالفتاح
250 _aط.1
260 _aالقاهرة :
_bدار ميريت،
_c2008 .
300 _a517 ص. ؛
_c24 سم
504 _aيشمل على ارجاعات ببليوجرافية
650 0 7 _2qrmak
_aالعولمة
650 0 7 _2qrmak
_aالسياسة
650 0 7 _aالاحزاب السياسية
650 0 7 _2qrmak
_aالسياسة
_xنظم
651 _2qrmak
653 0 _aاحداث 11 سبتمبر
942 _2ddc
_cBK
999 _c65611
_d65611